[Event "GER-chT Christmas U20"]
[Site "Playchess.com INT"]
[Date "2020.12.29"]
[Round "1.4"]
[White "Aumueller, Naum"]
[Black "Biedenbach, Daniel"]
[Result "0-1"]
[WhiteElo "1622"]
[BlackElo "1610"]
[PlyCount "96"]
[EventDate "2020.12.29"]
[EventType "team-swiss (blitz)"]
[EventRounds "7"]
[EventCountry "GER"]
[SourceTitle "CBM 200 Extra"]
[Source "ChessBase"]
[SourceDate "2021.03.31"]
[SourceVersion "1"]
[SourceVersionDate "2021.03.31"]
[SourceQuality "1"]
[WhiteTeam "Regensburg Bavaria"]
[BlackTeam "Leipheim"]
[WhiteTeamCountry "GER"]
[BlackTeamCountry "GER"]

1. d4 Nf6 2. c4 g6 3. Nc3 Bg7 4. Nf3 0-0 5. e4 d6 6. Be2 Nc6 7. d5 Nb4 8. a3 Na6 9. b4 c6 10. Bd2 Nc7 11. 0-0 Nd7 12. Rc1 Ne5 13. Nxe5 Bxe5 14. f4 Bd4+ 15. Kh1 f5 16. dxc6 bxc6 17. Bf3 Qe8 18. a4 Rb8 19. b5 cxb5 20. Nxb5 Nxb5 21. cxb5 a6 22. exf5 Rxf5 23. Bc6 Qd8 24. Qc2 Rc5 25. Qc3 Bxc3 26. Bxc3 axb5 27. axb5 Bd7 28. Bd4 Rxc1 29. Rxc1 Bxc6 30. bxc6 Qc7 31. h3 Ra8 32. f5 gxf5 33. Rf1 Qxc6 34. Rxf5 e5 35. Be3 Qe4 36. Rf3 d5 37. Bg1 d4 38. Rg3+ Kh8 39. Rg4 Qe1 40. Kh2 Ra1 41. Bxd4 exd4 42. h4 Qh1+ 43. Kg3 Qe1+ 44. Kh3 Ra3+ 45. Kh2 Qe5+ 46. g3 Qe2+ 47. Kh3 Qf1+ 48. Kh2 Ra2# 0-1

[Event "GER-chT Christmas U20"]
[Site "Playchess.com INT"]
[Date "2020.12.29"]
[Round "4.4"]
[White "Biedenbach, Daniel"]
[Black "Stirnberg, Noah"]
[Result "0-1"]
[WhiteElo "1610"]
[BlackElo "1869"]
[PlyCount "58"]
[EventDate "2020.12.29"]
[EventType "team-swiss (blitz)"]
[EventRounds "7"]
[EventCountry "GER"]
[SourceTitle "CBM 200 Extra"]
[Source "ChessBase"]
[SourceDate "2021.03.31"]
[SourceVersion "1"]
[SourceVersionDate "2021.03.31"]
[SourceQuality "1"]
[WhiteTeam "Leipheim"]
[BlackTeam "Paderborn Blauer Springer"]
[WhiteTeamCountry "GER"]
[BlackTeamCountry "GER"]

1. e4 e5 2. Nf3 Nc6 3. Nc3 Nf6 4. d4 exd4 5. Nxd4 d6 6. Bc4 Be7 7. 0-0 0-0 8. Be3 Ng4 9. Qd2 Nxe3 10. Qxe3 Bf6 11. Nxc6 bxc6 12. Rad1 Re8 13. Qf3 Be6 14. Bxe6 Rxe6 15. Rfe1 Qe7 16. e5 Bxe5 17. Qxc6 Re8 18. Nd5 Bxh2+ 19. Kh1 Rxe1+ 20. Rxe1 Qxe1+ 21. Kxh2 Qe5+ 22. g3 h6 23. Ne3 Qe4 24. Qxc7 Re5 25. Qc8+ Kh7 26. Qh3 f5 27. Kg1 f4 28. gxf4 Qxf4 29. Kf1 Rg5 0-1

[Event "GER-chT Christmas U20"]
[Site "Playchess.com INT"]
[Date "2020.12.29"]
[Round "5.4"]
[White "Malinowsky, Celina"]
[Black "Biedenbach, Daniel"]
[Result "0-1"]
[WhiteElo "1372"]
[BlackElo "1610"]
[PlyCount "60"]
[EventDate "2020.12.29"]
[EventType "team-swiss (blitz)"]
[EventRounds "7"]
[EventCountry "GER"]
[SourceTitle "CBM 200 Extra"]
[Source "ChessBase"]
[SourceDate "2021.03.31"]
[SourceVersion "1"]
[SourceVersionDate "2021.03.31"]
[SourceQuality "1"]
[WhiteTeam "Kiel Doppelbauer"]
[BlackTeam "Leipheim"]
[WhiteTeamCountry "GER"]
[BlackTeamCountry "GER"]

1. e4 c5 2. Nc3 Nc6 3. Bc4 e6 4. d3 a6 5. f4 b5 6. Bb3 Qc7 7. Nf3 Bb7 8. 0-0 Be7 9. a3 Nf6 10. Qe1 0-0 11. Qg3 Nd4 12. Nxd4 cxd4 13. Ne2 Bc5 14. Qg5 h6 15. Qg3 a5 16. Ba2 b4 17. Qh3 Be7 18. f5 Qxc2 19. Nf4 Bd6 20. fxe6 dxe6 21. Rf3 b3 22. Rf2 Qd1+ 23. Rf1 Qg4 24. Qxg4 Nxg4 25. Bxb3 Ne5 26. Bd2 Ba6 27. Rfc1 Nxd3 28. Rc6 Bxf4 29. Bxf4 Nxf4 30. Rac1 Ne2+ 0-1